000 00407pab a2200145 454500
008 180718b2004 xxu||||| |||| 00| 0 eng d
100 _aSugden, Robert
245 _aThe opportunity criterion: consumer sovereignty without the assumption of coherent preferences
260 _c2004
300 _ap.1014-033.
362 _aSep
650 _aConsumers
773 _aAmerican Economic Review
909 _a63000
999 _c63000
_d63000